000 00510nam a2200193Ia 4500
003 GCL
008 140319s9999 xx 000 0 ara d
040 _aGCL /
_cGCL
082 0 4 _a243
_bم ت
100 1 _aانطوان ا الهاشم
245 1 0 _aتاريخ جهنم /
_cانطوان ا الهاشم
700 1 _aمينوا, جورج
300 _a127 ص
490 _aزدنى علما
_v0
650 0 4 _aالحياة الاخرى
650 0 4 _aجهنم
650 0 4 _aديانات
942 _2ddc
_cBK
999 _c48144
_d48144